Statistics for CAPITAL QUIZ

Click here to take the quiz!

General Stats

  • This quiz has been taken 15 times
  • The average score is 11 of 15

Answer Stats

QuestionsAnswer% Correct
UKLondon
100%
USAWashington D C
100%
AustraliaCanberra
92%
AfghanistanKabul
92%
FranceParis
92%
ItalyRome
92%
New ZeelandWellington
92%
NepalKathmandu
85%
IndiaNew Delhi
85%
IndinesiaJakarta
77%
BangladeshDhaka
62%
UAEAbu Dhabi
54%
SingaporeSingapore City
54%
BhutanThimphu
46%
Sri LankaColumbo
15%

Score Distribution

Percentile by Number Answered

Percent of People with Each Score

Your Score History

You have not taken this quiz